Všechno bude jinak
Očakávané zmeny v ekonomike USA po teroristickom útoku. Americké rozpočtové výdaje. Podiel amerických zbrojných výdavkov na HDP. Vývoj trhovej kapitalizácie.
Guardado en:
| Formato: | Capítulo de libro |
|---|---|
| Lenguaje: | checo |
| Materias: | |
| Etiquetas: |
Sin Etiquetas, Sea el primero en etiquetar este registro!
|
MARC
| LEADER | 00000naa a2200000 4500 | ||
|---|---|---|---|
| 001 | r043048 | ||
| 005 | 20231004065809.5 | ||
| 041 | 0 | |a cze | |
| 044 | |a CZ | ||
| 245 | 1 | 0 | |a Všechno bude jinak |
| 520 | |a Očakávané zmeny v ekonomike USA po teroristickom útoku. Americké rozpočtové výdaje. Podiel amerických zbrojných výdavkov na HDP. Vývoj trhovej kapitalizácie. | ||
| 610 | 2 | 0 | |a vývoj hospodársky |
| 610 | 2 | 0 | |a vývoj spoločenský |
| 610 | 2 | 0 | |a USA |
| 610 | 2 | 0 | |a konflikty medzinárodné |
| 610 | 2 | 0 | |a kurzy |
| 610 | 2 | 0 | |a produkt domáci hrubý |
| 610 | 2 | 0 | |a prognózy |